Fundamentals of polymer science and engineering (Record no. 30826)

MARC details
000 -LEADER
fixed length control field 00361nam a2200133Ia 4500
082 ## - DEWEY DECIMAL CLASSIFICATION NUMBER
Classification number 678:62
Item number ANI
100 ## - MAIN ENTRY--AUTHOR NAME
Personal name Anilkumar, Gupta
245 #0 - TITLE STATEMENT
Title Fundamentals of polymer science and engineering
260 ## - PUBLICATION, DISTRIBUTION, ETC. (IMPRINT)
Place of publication New Delhi
Name of publisher Tata McGraw Hill
Year of publication 1978
650 ## - SUBJECT ADDED ENTRY--TOPICAL TERM
Topical Term Polymerization
700 ## - ADDED ENTRY--PERSONAL NAME
Personal name Santosh, K
942 ## - ADDED ENTRY ELEMENTS (KOHA)
Koha item type Books
Holdings
Withdrawn status Lost status Damaged status Not for loan Home library Current library Date acquired Cost, normal purchase price Full call number Accession Number Koha item type
        RRII Library RRII Library 16/12/2021 45.00 678:62 ANI 11385 Books